Llibre de les provisions reials de la vila de Puigcerdà / Sebastià Bosom, Susanna Vela
ISBN:
978-84-9779-874-7
Descripción Física:
410 p. ; 24 cm
Colección:
Llibres de privilegis ; 14
MARC
| LEADER | 00000nam a2200000Ia 4500 | ||
|---|---|---|---|
| 001 | 22726 | ||
| 008 | 160829s2009 xx 000 0 cat d | ||
| 020 | |a 978-84-9779-874-7 | ||
| 080 | |a A-2-393 | ||
| 100 | |a Bosom i Isern, Sebastià |9 35593 | ||
| 245 | |a Llibre de les provisions reials de la vila de Puigcerdà / Sebastià Bosom, Susanna Vela | ||
| 260 | |a Barcelona : |b Fundació Noguera ; Lleida : |b Pagès, |c 2009 | ||
| 300 | |a 410 p. ; |c 24 cm | ||
| 490 | |a Llibres de privilegis ; 14 | ||
| 590 | |a Text en català i llatí | ||
| 650 | |a Puigcerdà |x Cartes, privilegis, immunitats |9 44983 | ||
| 650 | |a Puigcerdà |x Història |x Fonts |9 44984 | ||
| 700 | |a Vela Palomares, Susanna |9 38427 | ||
| 700 | |a Fundació Noguera |9 70407 | ||
| 901 | |a Arxiu | ||
| 942 | |n 1 | ||
| 952 | |0 0 |1 0 |4 0 |6 A2393 |7 1 |9 52294 |a Arxiu |b Arxiu |d 2016-12-01 |l 0 |o A-2-393 |p 22726 |r 2016-12-01 00:00:00 |w 2016-12-01 |y ARXIU | ||
| 999 | |c 56142 |d 56142 | ||